[Event "Davos op 19th"]
[Site "Davos"]
[Date "2020.08.08"]
[Round "2"]
[White "Mazzoni, Renzo"]
[Black "Mamalis, Prokopios"]
[Result "0-1"]
[WhiteElo "1540"]
[BlackElo "1667"]
[PlyCount "60"]
[EventDate "2020.08.07"]
[EventType "swiss"]
[EventRounds "5"]
[EventCountry "SUI"]
[SourceTitle "CBM 197 Extra"]
[Source "ChessBase"]
[SourceDate "2020.09.30"]
[SourceVersion "1"]
[SourceVersionDate "2020.09.30"]
[SourceQuality "1"]

1. e4 e6 2. d4 d5 3. e5 c5 4. c3 Qb6 5. Nf3 Bd7 6. a3 a5 7. Bd3 Bb5 8. 0-0 Bxd3 9. Qxd3 Nc6 10. Nbd2 cxd4 11. cxd4 Nge7 12. b3 Ng6 13. g3 Be7 14. Bb2 0-0 15. Rac1 Rae8 16. h4 Bd8 17. h5 Nh8 18. Nb1 f6 19. Rc2 Nf7 20. Re1 fxe5 21. dxe5 Nh6 22. Nh2 Rf5 23. Kg2 Ref8 24. Ree2 Rxh5 25. Bc1 Nxe5 26. Qd1 Nhg4 27. Nxg4 Nxg4 28. Be3 Rh2+ 29. Kg1 Nxe3 30. Rxe3 Rhxf2 0-1